[Event "BUDLEX MIEDZYNARODOWY FESTIWAL SZACHOWY KOPERNIK - TURNIEJ A - (FIDE min. 1800)"]
[Site "MCSM Torun (Miedzynarodowe Centrum Spotkan Mlodziezy)  ul.  Lokietka 3 , 87-100 Torun"]
[Date "1899-12-30"]
[Round "1.3"]
[White "Augustowski, Janusz"]
[Black "Kutowski, Marcel"]
[Result "1/2-1/2"]
[WhiteTitle "I"]
[BlackTitle "I"]
[WhiteElo "1726"]
[BlackElo "1712"]

1. d4 Nf6 2. Nf3 e6 3. g3 d5 4. Bg2 c5 5. O-O Nc6 6. e3 cxd4 7. exd4 Bd6 8. Nbd2
b5 9. c3 O-O 10. Re1 Nd7 11. a4 bxa4 12. Qxa4 Qc7 13. Nf1 a5 14. Ne3 h6 15. Qd1
Nb6 16. Ng4 f6 17. Nh4 f5 18. Nxh6+ gxh6 19. Bxh6 Rf6 20. Bg5 Rf7 21. Qh5 Rh7
22. Bh6 Qf7 23. Qg5+ Rg7 24. Bxg7 Qxg7 25. Qh5 Bd7 26. Re2 a4 27. Rae1 Be8 28.
Qf3 Bf7 29. Rxe6 Bxe6 30. Rxe6 a3 31. bxa3 Rxa3 32. Nxf5 Ra1+ 33. Bf1 Qh7 34.
Nxd6 Rxf1+ 35. Kxf1 Qh3+ 36. Kg1 Qxe6 37. Nf5 Nc4 38. Qg4+ Kf8 39. Ne3 Qxg4 40.
Nxg4 Nd2 41. Ne3 Ne7 42. h4 Ne4 43. c4 dxc4 44. Nxc4 Nf5 45. d5 Ke7 46. Kg2 Nf6
47. d6+ Nxd6 48. Nxd6 Kxd6 49. f3 Ke5 50. Kf2 Nh5 51. g4 Nf4 52. h5 Kf6 53. Ke3
Kg5 54. Ke4 Nh3 55. Ke5 Nf4 56. Kd6 Ne2 57. Ke6 Nd4+ 58. Kf7 Nxf3 59. Kg7 Kxg4
1/2-1/2

[Event "BUDLEX MIEDZYNARODOWY FESTIWAL SZACHOWY KOPERNIK - TURNIEJ A - (FIDE min. 1800)"]
[Site "MCSM Torun (Miedzynarodowe Centrum Spotkan Mlodziezy)  ul.  Lokietka 3 , 87-100 Torun"]
[Date "1899-12-30"]
[Round "1.4"]
[White "Lewandowski, Marek"]
[Black "Zielinski, Olgierd"]
[Result "1/2-1/2"]
[WhiteTitle "I+"]
[BlackTitle "I+"]
[WhiteElo "1752"]
[BlackElo "1802"]

1. e4 c5 2. Nc3 Nc6 3. f4 g6 4. Nf3 Bg7 5. Bb5 Nd4 6. Bc4 e6 7. d3 Ne7 8. Nxd4
cxd4 9. Ne2 O-O 10. Bb3 d5 11. O-O a5 12. a4 dxe4 13. dxe4 Qb6 14. Kh1 Rd8 15.
Bc4 Bd7 16. Bd3 Nc6 17. f5 exf5 18. Kg1 Ne5 19. exf5 f6 20. Bf4 Nxd3 21. Qxd3
Bxf5 22. Qd1 Be6 1/2-1/2

[Event "BUDLEX MIEDZYNARODOWY FESTIWAL SZACHOWY KOPERNIK - TURNIEJ A - (FIDE min. 1800)"]
[Site "MCSM Torun (Miedzynarodowe Centrum Spotkan Mlodziezy)  ul.  Lokietka 3 , 87-100 Torun"]
[Date "1899-12-30"]
[Round "1.5"]
[White "Czarkowski, Tomasz"]
[Black "Darowicki, Mariusz"]
[Result "1/2-1/2"]
[WhiteTitle "I++"]
[BlackTitle "I++"]
[WhiteElo "1891"]
[BlackElo "1913"]

1. d4 d5 2. c4 dxc4 3. Nc3 a6 4. e3 b5 5. a4 b4 6. Qf3 Ra7 7. Bxc4 e6 8. Nce2 Bb7
9. e4 Nf6 10. d5 exd5 11. exd5 Bc5 12. Be3 Qe7 13. Bxc5 Qxc5 14. Rc1 Qe7 15. Nh3
O-O 16. O-O Nbd7 17. Nd4 Ne5 18. Qe3 Ng6 19. Nc6 Qxe3 20. fxe3 Bxc6 21. dxc6 Ne5
22. Rf5 Re8 23. Ng5 h6 24. Nf3 Nxf3+ 25. Rxf3 a5 26. Rd1 Raa8 27. Rd7 Nxd7 28.
Bxf7+ Kh7 29. Bxe8 Ne5 30. Rf8 Ra6 31. Rf5 Nxc6 32. Rc5 Ne7 33. Rxc7 Nd5 34. Rc6
Rxc6 35. Bxc6 Nxe3 36. b3 Kg6 37. h3 Kf6 38. Kf2 Nf5 39. Bd5 Ke5 40. Bg8 Kd4 41.
g4 Ne7 42. Bf7 Nc6 43. Ke2 Kc3 44. Ke3 Nd4 45. Ke4 Nxb3 46. Kf5 Nc5 47. Kg6 b3
48. Kxg7 b2 49. Ba2 Kb4 50. Kxh6 Kxa4 51. g5 Ka3 52. Bb1 Kb3 53. g6 Ne6 54. Bf5
Nd4 55. Bb1 Nc6 56. g7 Ne7 57. Kg5 a4 58. Kf6 Ng8+ 59. Kf7 Nh6+ 60. Kg6 Ng8 1/2-1/2

[Event "BUDLEX MIEDZYNARODOWY FESTIWAL SZACHOWY KOPERNIK - TURNIEJ A - (FIDE min. 1800)"]
[Site "MCSM Torun (Miedzynarodowe Centrum Spotkan Mlodziezy)  ul.  Lokietka 3 , 87-100 Torun"]
[Date "1899-12-30"]
[Round "2.2"]
[White "Zielinski, Olgierd"]
[Black "Czarkowski, Tomasz"]
[Result "1/2-1/2"]
[WhiteTitle "I+"]
[BlackTitle "I++"]
[WhiteElo "1802"]
[BlackElo "1891"]

1. e4 e6 2. d4 d5 3. Nc3 Nf6 4. e5 Ne4 5. Nxe4 dxe4 6. Bc4 c5 7. d5 Be7 8. Ne2
O-O 9. O-O b5 10. Bxb5 exd5 11. Nf4 Bb7 12. Nh5 Qb6 13. Qg4 Qg6 14. Qxg6 hxg6
15. Ng3 g5 1/2-1/2

[Event "BUDLEX MIEDZYNARODOWY FESTIWAL SZACHOWY KOPERNIK - TURNIEJ A - (FIDE min. 1800)"]
[Site "MCSM Torun (Miedzynarodowe Centrum Spotkan Mlodziezy)  ul.  Lokietka 3 , 87-100 Torun"]
[Date "1899-12-30"]
[Round "2.3"]
[White "Kutowski, Marcel"]
[Black "Lewandowski, Marek"]
[Result "1/2-1/2"]
[WhiteTitle "I"]
[BlackTitle "I+"]
[WhiteElo "1712"]
[BlackElo "1752"]

1. e4 c5 2. Nf3 d6 3. d4 cxd4 4. Nxd4 Nc6 5. Nc3 g6 6. Be3 Bg7 7. Qd2 Nf6 8. f3
O-O 9. O-O-O a6 10. g4 Nxd4 11. Bxd4 Qa5 12. Kb1 Be6 13. Nd5 Qxd2 14. Nxe7+ Kh8
15. Rxd2 Rfe8 16. Bxf6 Bxf6 17. Nd5 Bxd5 18. Rxd5 Be5 19. Bc4 Kg7 20. h4 h6 21.
Rdd1 Rab8 22. Bd5 Re7 23. Rhf1 Bf4 24. Rd4 b5 25. Rd3 Rc7 1/2-1/2

[Event "BUDLEX MIEDZYNARODOWY FESTIWAL SZACHOWY KOPERNIK - TURNIEJ A - (FIDE min. 1800)"]
[Site "MCSM Torun (Miedzynarodowe Centrum Spotkan Mlodziezy)  ul.  Lokietka 3 , 87-100 Torun"]
[Date "1899-12-30"]
[Round "2.4"]
[White "Blajet, Radoslaw"]
[Black "Augustowski, Janusz"]
[Result "1-0"]
[WhiteTitle "I"]
[BlackTitle "I"]
[WhiteElo "1792"]
[BlackElo "1726"]

1. d4 Nf6 2. c4 c5 3. d5 b5 4. cxb5 a6 5. b6 Qxb6 6. Nc3 g6 7. Nf3 Bg7 8. e4 d6
9. Nd2 O-O 10. Nc4 Qc7 11. Be2 Nbd7 12. Bf4 Nb6 13. Ne3 Bd7 14. a4 Rfb8 15. O-O
Nc8 16. Qd2 Rb4 17. f3 Qb7 18. Rfb1 Nh5 19. Bg5 Rb3 20. Qc1 Bd4 21. Bd1 Rb4 22.
Kh1 Rb8 23. b3 Bxc3 24. Qxc3 Bxa4 25. Bh6 f6 26. g4 Ng7 27. g5 Nh5 28. gxf6 exf6
29. f4 Qe7 30. Bc2 Bxb3 31. Rxb3 Rxb3 32. Bxb3 Qxe4+ 33. Ng2 Qb4 34. Qe3 Ng7 35.
Ba4 Qd4 36. Qe1 Qxd5 37. f5 Rb2 38. Qf1 Nxf5 39. Bc1 Ra2 40. Rxa2 Qxa2 41. Qxa6
Nce7 42. Qa8+ Kg7 43. Qe4 Qa1 44. Qc2 Nd4 45. Qd1 Nef5 46. Bh6+ Kxh6 47. Qxa1
Kg7 48. Qc3 Ne7 1-0

[Event "BUDLEX MIEDZYNARODOWY FESTIWAL SZACHOWY KOPERNIK - TURNIEJ A - (FIDE min. 1800)"]
[Site "MCSM Torun (Miedzynarodowe Centrum Spotkan Mlodziezy)  ul.  Lokietka 3 , 87-100 Torun"]
[Date "1899-12-30"]
[Round "2.5"]
[White "Grabarczyk, Miroslaw"]
[Black "Szmidt, Przemyslaw"]
[Result "1-0"]
[WhiteTitle "GM"]
[BlackTitle "I++"]
[WhiteElo "2371"]
[BlackElo "1852"]

1. d4 Nf6 2. c4 g6 3. Nf3 Bg7 4. g3 c6 5. Bg2 d5 6. b3 O-O 7. O-O dxc4 8. bxc4
c5 9. Bb2 Qb6 10. Qc1 cxd4 11. Nxd4 Nc6 12. Nxc6 bxc6 13. Nd2 Be6 14. Nb3 Rad8
15. Ba3 Rfe8 16. Nc5 Bc8 17. Rb1 Qc7 18. Qc2 Nd7 19. Qa4 Nb8 20. Bb4 Qe5 21. Ba5
Qxc5 22. Bxd8 Rxd8 23. Rxb8 1-0

[Event "BUDLEX MIEDZYNARODOWY FESTIWAL SZACHOWY KOPERNIK - TURNIEJ A - (FIDE min. 1800)"]
[Site "MCSM Torun (Miedzynarodowe Centrum Spotkan Mlodziezy)  ul.  Lokietka 3 , 87-100 Torun"]
[Date "1899-12-30"]
[Round "3.2"]
[White "Augustowski, Janusz"]
[Black "Grabarczyk, Miroslaw"]
[Result "0-1"]
[WhiteTitle "I"]
[BlackTitle "GM"]
[WhiteElo "1726"]
[BlackElo "2371"]

1. d4 d5 2. Nf3 Nf6 3. c4 dxc4 4. Qa4+ Nbd7 5. Qxc4 e6 6. Nc3 c5 7. Qa4 cxd4 8.
Nxd4 Bc5 9. Bg5 O-O 10. Nb3 Be7 11. Rd1 h6 12. Be3 a6 13. g3 b5 14. Qd4 Bb7 15.
f3 a5 16. a4 e5 17. Qd3 bxa4 18. Nxa4 e4 19. Qb5 Ba6 20. Qc6 Qb8 21. Nac5 Nxc5
22. Nxc5 Bb5 23. Qb7 Bxc5 24. Qxb8 Bb4+ 0-1

[Event "BUDLEX MIEDZYNARODOWY FESTIWAL SZACHOWY KOPERNIK - TURNIEJ A - (FIDE min. 1800)"]
[Site "MCSM Torun (Miedzynarodowe Centrum Spotkan Mlodziezy)  ul.  Lokietka 3 , 87-100 Torun"]
[Date "1899-12-30"]
[Round "3.3"]
[White "Lewandowski, Marek"]
[Black "Blajet, Radoslaw"]
[Result "1-0"]
[WhiteTitle "I+"]
[BlackTitle "I"]
[WhiteElo "1752"]
[BlackElo "1792"]

1. e4 Nc6 2. Nc3 d6 3. d4 Nf6 4. h3 g6 5. Bg5 Bg7 6. Qd2 O-O 7. O-O-O a6 8. g4
b5 9. f3 Bb7 10. h4 b4 11. Nce2 Rb8 12. h5 Re8 13. Bh6 Bh8 14. Qg5 Nd7 15. Qh4
e5 16. g5 exd4 17. hxg6 hxg6 18. Nf4 Nce5 19. Nd5 Bxd5 20. exd5 b3 21. cxb3 c5
22. f4 Qa5 23. Kb1 c4 24. fxe5 cxb3 25. a3 Bxe5 26. Nf3 Qxd5 27. Nxe5 dxe5 28.
Bg7 Qxh1 29. Qxh1 Kxg7 30. Qh6+ Kg8 1-0

[Event "BUDLEX MIEDZYNARODOWY FESTIWAL SZACHOWY KOPERNIK - TURNIEJ A - (FIDE min. 1800)"]
[Site "MCSM Torun (Miedzynarodowe Centrum Spotkan Mlodziezy)  ul.  Lokietka 3 , 87-100 Torun"]
[Date "1899-12-30"]
[Round "3.4"]
[White "Czarkowski, Tomasz"]
[Black "Kutowski, Marcel"]
[Result "0-1"]
[WhiteTitle "I++"]
[BlackTitle "I"]
[WhiteElo "1891"]
[BlackElo "1712"]

1. d4 Nf6 2. Bf4 e6 3. Nf3 Be7 4. e3 b6 5. Be2 O-O 6. h3 c5 7. c3 Ba6 8. O-O Bxe2
9. Qxe2 d5 10. Nbd2 Nc6 11. Rfe1 h6 12. Rad1 Re8 13. Qb5 Qd7 14. dxc5 bxc5 15.
e4 d4 16. cxd4 cxd4 17. e5 Rab8 18. Qc4 Nd5 19. Nxd4 Nxd4 20. Qxd4 Rb4 21. Nc4
Qa4 22. Rc1 Nxf4 23. Qxf4 Bg5 24. Qf3 Rxc4 25. b3 Rxc1 26. bxa4 Rxe1+ 27. Kh2
Rxe5 28. Qc6 Re7 29. Qc8+ Kh7 30. Qc2+ g6 31. g3 Bf6 32. Kg2 Kg7 33. h4 Rd5 34.
Kh3 Red7 35. f4 h5 36. Qc6 Rd3 37. a5 R7d6 38. Qc7 a6 39. Qc5 R3d5 40. Qb4 Bd8
41. Qb2+ Bf6 42. Qb4 Rc6 43. Qb7 Rcc5 44. Qxa6 Rxa5 45. Qe2 Ra3 46. Qc4 Rdd3 47.
Kh2 Rxg3 48. Kh1 Rgc3 49. Qe2 Rc1+ 50. Kh2 Rb1 51. Qc4 Rb2+ 52. Kh1 Raxa2 0-1

[Event "BUDLEX MIEDZYNARODOWY FESTIWAL SZACHOWY KOPERNIK - TURNIEJ A - (FIDE min. 1800)"]
[Site "MCSM Torun (Miedzynarodowe Centrum Spotkan Mlodziezy)  ul.  Lokietka 3 , 87-100 Torun"]
[Date "1899-12-30"]
[Round "3.5"]
[White "Darowicki, Mariusz"]
[Black "Zielinski, Olgierd"]
[Result "1-0"]
[WhiteTitle "I++"]
[BlackTitle "I+"]
[WhiteElo "1913"]
[BlackElo "1802"]

1. d4 c5 2. dxc5 e6 3. Nd2 Nf6 4. Nb3 Na6 5. Qd4 Qc7 6. Bf4 Qc6 7. Be5 Be7 8. Bd6
Bxd6 9. Qxd6 Qxd6 10. cxd6 Nb4 11. O-O-O Nxa2+ 12. Kb1 Nb4 13. f3 b6 14. c3 Nc6
15. e4 Bb7 16. Ne2 e5 17. Ng3 g6 18. Bb5 Nd8 19. Ne2 a6 20. Bd3 Bc6 21. Nd2 b5
22. f4 exf4 23. Nxf4 Ng4 24. Rdf1 Ne5 25. Kc2 Nb7 26. Nd5 Bxd5 27. exd5 Nxd3 28.
Kxd3 Nxd6 29. Rf6 Ke7 30. Rhf1 Rhf8 31. g4 Ne8 32. Rb6 f5 33. g5 Kd8 34. c4 bxc4+
35. Nxc4 Nc7 36. Kd4 Re8 37. Nd6 Nb5+ 38. Nxb5 axb5 39. Rxb5 Rc8 40. d6 Re2 41.
h3 Ke8 42. Re5+ Rxe5 43. Kxe5 Kf7 44. b4 Rb8 45. Rb1 Rb5+ 46. Kd4 Ke6 47. Kc4
Rb6 48. b5 Kxd6 49. Rd1+ Kc7 50. Ra1 Rb7 51. Kc5 d6+ 52. Kc4 Kd7 53. Ra8 Ke6 54.
Rf8 Ke5 55. h4 Rc7+ 56. Kb4 d5 57. b6 Rc4+ 58. Kb5 Rxh4 59. b7 Rh1 60. b8=Q+ 1-0

[Event "BUDLEX MIEDZYNARODOWY FESTIWAL SZACHOWY KOPERNIK - TURNIEJ A - (FIDE min. 1800)"]
[Site "MCSM Torun (Miedzynarodowe Centrum Spotkan Mlodziezy)  ul.  Lokietka 3 , 87-100 Torun"]
[Date "1899-12-30"]
[Round "4.2"]
[White "Kutowski, Marcel"]
[Black "Darowicki, Mariusz"]
[Result "1-0"]
[WhiteTitle "I"]
[BlackTitle "I++"]
[WhiteElo "1712"]
[BlackElo "1913"]

1. e4 e5 2. Nf3 Nf6 3. Nxe5 d6 4. Nf3 Nxe4 5. d4 d5 6. Bd3 Bd6 7. O-O O-O 8. c4
c6 9. cxd5 cxd5 10. Re1 Bf5 11. Qb3 Nc6 12. Nc3 Nxd4 13. Nxd4 Nc5 14. Qxd5 Bxd3
15. Bg5 Qd7 16. Rad1 Rfe8 17. Rxe8+ Rxe8 18. Nf3 Bc2 19. Rd2 Nd3 20. a3 Bb1 21.
Be3 Rc8 22. Qb3 Nc1 23. Qd1 1-0

[Event "BUDLEX MIEDZYNARODOWY FESTIWAL SZACHOWY KOPERNIK - TURNIEJ A - (FIDE min. 1800)"]
[Site "MCSM Torun (Miedzynarodowe Centrum Spotkan Mlodziezy)  ul.  Lokietka 3 , 87-100 Torun"]
[Date "1899-12-30"]
[Round "4.3"]
[White "Blajet, Radoslaw"]
[Black "Czarkowski, Tomasz"]
[Result "1-0"]
[WhiteTitle "I"]
[BlackTitle "I++"]
[WhiteElo "1792"]
[BlackElo "1891"]

1. d4 e6 2. c4 d5 3. Nc3 Nf6 4. cxd5 exd5 5. Bg5 Be7 6. e3 h6 7. Bf4 c6 8. Bd3
O-O 9. Rc1 Bd6 10. Nge2 Re8 11. O-O Bxf4 12. Nxf4 Qd6 13. h3 Nbd7 14. Qf3 Nf8
15. Rc2 N8h7 16. Nh5 Nxh5 17. Qxh5 Ng5 18. Ne2 Ne4 19. Nf4 Bd7 20. Rfc1 Qf6 21.
Bxe4 Rxe4 22. b4 g5 23. Nd3 Bf5 24. Qf3 Qg6 25. Rc3 Rh4 26. Ne5 Qe6 27. Qg3 Kh7
28. b5 cxb5 29. Rc7 Bg6 30. Qf3 Rf8 31. Rxb7 g4 32. hxg4 h5 33. Rc6 Rc8 34. Rxc8
Qxc8 35. Rxf7+ Kg8 36. Rf8+ 1-0

[Event "BUDLEX MIEDZYNARODOWY FESTIWAL SZACHOWY KOPERNIK - TURNIEJ A - (FIDE min. 1800)"]
[Site "MCSM Torun (Miedzynarodowe Centrum Spotkan Mlodziezy)  ul.  Lokietka 3 , 87-100 Torun"]
[Date "1899-12-30"]
[Round "4.4"]
[White "Grabarczyk, Miroslaw"]
[Black "Lewandowski, Marek"]
[Result "1-0"]
[WhiteTitle "GM"]
[BlackTitle "I+"]
[WhiteElo "2371"]
[BlackElo "1752"]

1. d4 g6 2. Nf3 Bg7 3. g3 d6 4. Bg2 Nd7 5. c4 e5 6. Nc3 Ne7 7. O-O O-O 8. e4 exd4
9. Nxd4 Nc6 10. Nde2 a5 11. h3 Nc5 12. Be3 Be6 13. b3 Re8 14. Nd4 Bd7 15. Qd2
Nxd4 16. Bxd4 Bc6 17. Rfe1 Ne6 18. Bxg7 Kxg7 19. Re3 Nc5 20. Rb1 Qf6 21. a3 Rad8
22. b4 axb4 23. axb4 Ne6 24. b5 Bd7 25. Nd5 Qg5 26. f4 Qh6 27. Qc3+ Kg8 28. Nf6+
Kf8 29. Nxe8 Rxe8 30. e5 dxe5 31. Qxe5 b6 32. Rd1 Ng7 33. Qc3 Be6 34. Kh2 Nf5
35. Ree1 Qg7 36. Qxg7+ Kxg7 37. Bd5 Nd6 38. g4 Bxd5 39. Rxe8 Nxe8 40. Rxd5 Nd6
41. c5 bxc5 42. Rxc5 Kf6 43. Kg2 Ke6 44. Kf3 Kd7 45. Ke3 f6 46. Kd4 Nb7 47. Rc2
Nd6 48. Kc5 Ne4+ 49. Kd5 Nd6 50. Rb2 Nc8 51. Rd2 Nd6 52. Kc5 Kc8 53. Rxd6 1-0

[Event "BUDLEX MIEDZYNARODOWY FESTIWAL SZACHOWY KOPERNIK - TURNIEJ A - (FIDE min. 1800)"]
[Site "MCSM Torun (Miedzynarodowe Centrum Spotkan Mlodziezy)  ul.  Lokietka 3 , 87-100 Torun"]
[Date "1899-12-30"]
[Round "4.5"]
[White "Szmidt, Przemyslaw"]
[Black "Augustowski, Janusz"]
[Result "1-0"]
[WhiteTitle "I++"]
[BlackTitle "I"]
[WhiteElo "1852"]
[BlackElo "1726"]

1. e4 c6 2. d4 d5 3. Nd2 dxe4 4. Nxe4 Bf5 5. Ng3 Bg6 6. h4 h6 7. Nf3 Nd7 8. h5
Bh7 9. Bd3 Bxd3 10. Qxd3 Qc7 11. Rh4 e6 12. Bf4 Bd6 13. Bxd6 Qxd6 14. O-O-O Ngf6
15. Ne4 Nxe4 16. Qxe4 Nf6 17. Qe5 Ke7 18. Qe2 Rhd8 19. Kb1 b5 20. Rhh1 a5 21.
Ne5 a4 22. a3 Rab8 23. c3 Qd5 24. g4 Rd6 25. Rhe1 Rbd8 26. Nd3 Nd7 27. f3 c5 28.
Nf2 Nf6 29. Ne4 Nxe4 30. fxe4 Qc6 31. d5 Qb6 32. Qf3 b4 33. Rf1 f6 34. e5 Rxd5
35. exf6+ gxf6 36. Qxf6+ Kd6 37. Rxd5+ Kxd5 38. Qxd8+ 1-0

[Event "BUDLEX MIEDZYNARODOWY FESTIWAL SZACHOWY KOPERNIK - TURNIEJ A - (FIDE min. 1800)"]
[Site "MCSM Torun (Miedzynarodowe Centrum Spotkan Mlodziezy)  ul.  Lokietka 3 , 87-100 Torun"]
[Date "1899-12-30"]
[Round "5.2"]
[White "Lewandowski, Marek"]
[Black "Szmidt, Przemyslaw"]
[Result "0-1"]
[WhiteTitle "I+"]
[BlackTitle "I++"]
[WhiteElo "1752"]
[BlackElo "1852"]

1. e4 c5 2. Nc3 a6 3. a4 e6 4. Bc4 Nc6 5. d3 Nf6 6. f4 d5 7. Bb3 dxe4 8. Nxe4 Nxe4
9. dxe4 Qxd1+ 10. Kxd1 Nd4 11. Bc4 Bd7 12. c3 Nc6 13. Bb3 O-O-O 14. Ke2 Na5 15.
Bc2 Bc6 16. Nf3 Be7 17. b3 Bf6 18. Bb2 b6 19. e5 Bxf3+ 20. gxf3 Be7 21. c4 g6
22. Rad1 Kc7 23. Rxd8 Rxd8 24. Bc3 Nc6 25. Rd1 Nd4+ 26. Bxd4 cxd4 27. Kd3 Bb4
28. Ke4 Bc3 29. Bd3 Kc6 30. Bc2 Kc5 31. Kd3 Kb4 32. h3 Rc8 33. Rb1 Rc5 34. Rg1
h6 35. Rb1 g5 36. Ke4 gxf4 37. Rg1 Bd2 38. Rg7 Bc3 39. Rxf7 Rxe5+ 40. Kxf4 Re2
41. Bd3 e5+ 42. Kg4 Re3 43. c5 Rxd3 44. cxb6 Rd1 45. Kf5 Rg1 46. b7 Rg8 47. Ke4
Kxb3 48. Rf6 Kc2 49. Rxa6 Rb8 50. Rb6 d3 51. a5 d2 0-1

[Event "BUDLEX MIEDZYNARODOWY FESTIWAL SZACHOWY KOPERNIK - TURNIEJ A - (FIDE min. 1800)"]
[Site "MCSM Torun (Miedzynarodowe Centrum Spotkan Mlodziezy)  ul.  Lokietka 3 , 87-100 Torun"]
[Date "1899-12-30"]
[Round "5.3"]
[White "Czarkowski, Tomasz"]
[Black "Grabarczyk, Miroslaw"]
[Result "0-1"]
[WhiteTitle "I++"]
[BlackTitle "GM"]
[WhiteElo "1891"]
[BlackElo "2371"]

1. d4 Nf6 2. Bf4 d6 3. Nf3 Nbd7 4. h3 c5 5. e3 Qb6 6. Nc3 g6 7. Bc4 Bg7 8. O-O
O-O 9. Rb1 a6 10. Re1 Qc7 11. Ng5 cxd4 12. Qxd4 e5 13. Bxf7+ Rxf7 14. Nd5 Qc6
15. Nxf7 Nxd5 16. Nd8 exd4 17. Nxc6 bxc6 18. Bxd6 dxe3 19. fxe3 Be5 20. Bxe5 Nxe5
21. e4 Nf6 22. Rbd1 Be6 23. b3 Kf7 24. Rd4 Ke7 25. Rb4 Nfd7 26. Rb7 Kd8 0-1

[Event "BUDLEX MIEDZYNARODOWY FESTIWAL SZACHOWY KOPERNIK - TURNIEJ A - (FIDE min. 1800)"]
[Site "MCSM Torun (Miedzynarodowe Centrum Spotkan Mlodziezy)  ul.  Lokietka 3 , 87-100 Torun"]
[Date "1899-12-30"]
[Round "5.4"]
[White "Darowicki, Mariusz"]
[Black "Blajet, Radoslaw"]
[Result "1/2-1/2"]
[WhiteTitle "I++"]
[BlackTitle "I"]
[WhiteElo "1913"]
[BlackElo "1792"]

1. e4 c6 2. Nf3 d5 3. Nc3 Bg4 4. h3 Bxf3 5. gxf3 g6 6. d4 e6 7. Be3 Bg7 8. Qd2
Nf6 9. e5 Ng8 10. Bd3 Nd7 11. h4 Nxe5 12. dxe5 d4 13. Bf4 dxc3 14. Qxc3 Qc7 15.
h5 Ne7 16. h6 Bf8 17. Qd4 Nd5 18. Bg5 Be7 19. Bxe7 Qxe7 20. c4 Qb4+ 21. Kf1 Nb6
22. Qh4 Qe7 23. f4 Qxh4 24. Rxh4 Rd8 25. Ke2 Ke7 26. b3 Rd4 27. Rd1 Rhd8 28. Bc2
Rxd1 29. Bxd1 c5 30. Bc2 f6 31. exf6+ Kxf6 32. Be4 Rd7 33. Rh1 Nc8 34. Ke3 b6
35. f3 Nd6 36. Rg1 Nf5+ 37. Bxf5 Kxf5 38. Rg5+ Kf6 39. Rg1 Rd4 40. a3 a6 41. Rb1
g5 42. fxg5+ Kxg5 43. Rh1 e5 44. Rg1+ Kxh6 45. Rg8 Kh5 46. Re8 Rd6 47. Rxe5+ Kg6
48. f4 Kf6 49. Rh5 Kg6 50. Rg5+ Kf6 51. Rh5 Kg6 52. Rh3 Re6+ 53. Kf3 Re1 54. Rg3+
Kf6 55. Kg4 Re7 56. Rh3 Rg7+ 57. Kf3 Kg6 58. Ke4 h5 59. f5+ Kg5 60. f6 Kxf6 61.
Rxh5 Rg6 62. Kd5 Kg7 63. Rh3 Kf7 64. Re3 a5 65. a4 Rh6 66. Rg3 Kf8 67. Ke5 Kf7
68. Rd3 Re6+ 69. Kf5 Rf6+ 70. Kg5 Rg6+ 71. Kh5 Re6 72. Rd7+ Kf6 73. Kg4 Ke5 74.
Kf3 Rf6+ 75. Ke3 Rh6 76. Rd5+ Ke6 77. Kd3 Rh3+ 78. Kc2 Rf3 79. Rd8 Ke5 80. Rb8
Rf6 81. Rb7 Rf2+ 82. Kd1 Rf6 83. Kd2 Kd4 84. Rd7+ Ke4 85. Rh7 Rf2+ 86. Kc3 Rf3+
87. Kb2 Rf2+ 88. Ka3 Rf6 89. Rh5 Kd3 90. Re5 Rg6 91. Kb2 1/2-1/2

[Event "BUDLEX MIEDZYNARODOWY FESTIWAL SZACHOWY KOPERNIK - TURNIEJ A - (FIDE min. 1800)"]
[Site "MCSM Torun (Miedzynarodowe Centrum Spotkan Mlodziezy)  ul.  Lokietka 3 , 87-100 Torun"]
[Date "1899-12-30"]
[Round "5.5"]
[White "Zielinski, Olgierd"]
[Black "Kutowski, Marcel"]
[Result "1/2-1/2"]
[WhiteTitle "I+"]
[BlackTitle "I"]
[WhiteElo "1802"]
[BlackElo "1712"]

1. c4 e5 2. Nc3 Nc6 3. g3 g6 4. Bg2 Bg7 5. a3 a5 6. e3 f5 7. Nge2 Nf6 8. O-O O-O
9. d4 d6 10. Rb1 Ne7 11. dxe5 dxe5 12. Qc2 c6 13. b4 axb4 14. axb4 Be6 15. Rd1
Qe8 16. Na4 Qf7 17. Nb6 Ra6 18. c5 Nc8 19. Nxc8 Rxc8 20. Nc3 e4 21. Bf1 Raa8 22.
Bd2 Ng4 23. Na4 Ne5 24. Bc3 Nf3+ 25. Kg2 Bxc3 26. Nxc3 g5 27. h3 Rd8 28. Rxd8+
Rxd8 29. Rd1 Rd2 30. Qc1 Qd7 31. Be2 Rxd1 32. Qxd1 Qxd1 33. Nxd1 Ne5 1/2-1/2

[Event "BUDLEX MIEDZYNARODOWY FESTIWAL SZACHOWY KOPERNIK - TURNIEJ A - (FIDE min. 1800)"]
[Site "MCSM Torun (Miedzynarodowe Centrum Spotkan Mlodziezy)  ul.  Lokietka 3 , 87-100 Torun"]
[Date "1899-12-30"]
[Round "6.2"]
[White "Blajet, Radoslaw"]
[Black "Zielinski, Olgierd"]
[Result "1-0"]
[WhiteTitle "I"]
[BlackTitle "I+"]
[WhiteElo "1792"]
[BlackElo "1802"]

1. d4 Nf6 2. c4 g6 3. Nc3 d5 4. Bg5 Ne4 5. Bh4 Nxc3 6. bxc3 dxc4 7. e3 Be6 8. Nf3
f6 9. Rb1 b6 10. Nd2 Bg7 11. f3 c6 12. a4 a6 13. Bxc4 Bxc4 14. Nxc4 b5 15. Nd2
Bh6 16. Bf2 Qd5 17. O-O O-O 18. c4 bxc4 19. Qc2 c3 20. Qxc3 e5 21. dxe5 fxe5 22.
Ne4 Nd7 23. Rfd1 Qe6 24. Rd6 Qa2 25. Rbd1 Nb6 26. Qxc6 Nxa4 27. Rd7 Bg7 28. Qb7
Bh8 29. h4 Qc4 30. Rc7 Qb5 31. Rxh7 Nb2 32. Rdd7 Qxb7 33. Rxb7 Nd1 34. Rh6 Bg7
35. Rxg6 Rf7 36. Nf6+ Kf8 37. Nd7+ Kg8 38. h5 Rd8 39. Nc5 Rxb7 40. Nxb7 Rb8 41.
Nc5 Kf7 42. Nxa6 Rb1 43. e4 Bf6 44. Nc7 Nxf2+ 45. Kxf2 Bh4+ 46. Ke2 Re1+ 47. Kd2
Rh1 48. Nd5 Bd8 49. g4 Ba5+ 50. Kd3 Bd8 51. Ne3 Rh3 52. Ke2 Rh2+ 53. Kf1 Be7 54.
Nf5 Bc5 55. Rg7+ Kf8 56. Rc7 Bb6 57. Rb7 Bc5 58. Rb5 Rf2+ 59. Ke1 Rc2 60. g5 Bf2+
61. Kf1 Ba7 62. g6 Rf2+ 63. Ke1 Rxf3 64. Rb7 1-0

[Event "BUDLEX MIEDZYNARODOWY FESTIWAL SZACHOWY KOPERNIK - TURNIEJ A - (FIDE min. 1800)"]
[Site "MCSM Torun (Miedzynarodowe Centrum Spotkan Mlodziezy)  ul.  Lokietka 3 , 87-100 Torun"]
[Date "1899-12-30"]
[Round "6.3"]
[White "Grabarczyk, Miroslaw"]
[Black "Darowicki, Mariusz"]
[Result "1-0"]
[WhiteTitle "GM"]
[BlackTitle "I++"]
[WhiteElo "2371"]
[BlackElo "1913"]

1. d4 Nf6 2. c4 g6 3. Nf3 Bg7 4. g3 c6 5. Bg2 d5 6. b3 dxc4 7. bxc4 c5 8. O-O cxd4
9. Nxd4 O-O 10. Bb2 Qb6 11. Qc1 Rd8 12. e3 Na6 13. Nd2 Nc5 14. Ba3 e5 15. Rb1
Nd3 16. Qc2 Qa6 17. Be7 Re8 18. Bxf6 Qxf6 19. Nb5 Qd8 20. Ne4 a6 21. Nbd6 Re6
22. Qxd3 f5 23. Qd5 fxe4 24. Nxc8 Qxd5 25. cxd5 1-0

[Event "BUDLEX MIEDZYNARODOWY FESTIWAL SZACHOWY KOPERNIK - TURNIEJ A - (FIDE min. 1800)"]
[Site "MCSM Torun (Miedzynarodowe Centrum Spotkan Mlodziezy)  ul.  Lokietka 3 , 87-100 Torun"]
[Date "1899-12-30"]
[Round "6.4"]
[White "Szmidt, Przemyslaw"]
[Black "Czarkowski, Tomasz"]
[Result "1-0"]
[WhiteTitle "I++"]
[BlackTitle "I++"]
[WhiteElo "1852"]
[BlackElo "1891"]

1. d4 e6 2. c4 d5 3. Nc3 Nf6 4. Bg5 Be7 5. e3 O-O 6. Bxf6 Bxf6 7. cxd5 exd5 8.
Bd3 g6 9. Qc2 c6 10. Nge2 Bg7 11. h4 Nd7 12. h5 Qg5 13. O-O-O Nf6 14. hxg6 fxg6
15. Nf4 Ng4 16. g3 Bf5 17. Rd2 Bxd3 18. Qxd3 Rae8 19. Kb1 Qf5 20. Qxf5 Rxf5 21.
Rh4 Nf6 22. g4 g5 23. gxf5 gxh4 24. Rd1 Ne4 25. Nxe4 Rxe4 26. Kc2 Bh6 27. Rg1+
Kf7 28. Rg4 Bxf4 29. exf4 h3 30. Rh4 Rxd4 31. Rxh3 Rxf4 32. Rxh7+ Kf6 33. Rxb7
Rxf2+ 34. Kc3 Rf3+ 35. Kd2 Kxf5 36. Rxa7 Ke4 37. Rc7 Rf2+ 38. Kc3 d4+ 39. Kb3
Rf3+ 40. Kc4 Ke5 41. Rxc6 d3 42. Kc3 Kd5 43. Rc8 Rf2 44. Rd8+ Kc5 45. Rxd3 Rh2
46. Rg3 Kb5 47. Rg5+ Ka4 48. b3+ 1-0